Tribhuvan University Central Library

Kings and philosophers 1689-1789 (Record no. 59750)

MARC details
000 -LEADER
fixed length control field 00551 a2200217 4500
041 ## - LANGUAGE CODE
Language code of text/sound track or separate title Eng
082 ## - DEWEY DECIMAL CLASSIFICATION NUMBER
Classification number 940
Item number K893k
100 ## - MAIN ENTRY--PERSONAL NAME
Personal name krieger, Leonard
9 (RLIN) 20620
245 ## - TITLE STATEMENT
Title Kings and philosophers 1689-1789
260 ## - PUBLICATION, DISTRIBUTION, ETC.
Place of publication, distribution, etc. New York
Name of publisher, distributor, etc. W. W. Norton
Date of publication, distribution, etc. c1970
300 ## - PHYSICAL DESCRIPTION
Extent xii, 369p. illus.
504 ## - BIBLIOGRAPHY, ETC. NOTE
Bibliography, etc. note Bibliography: p. 345-354
650 ## - SUBJECT ADDED ENTRY--TOPICAL TERM
Topical term or geographic name entry element Philosophers
9 (RLIN) 11464
650 ## - SUBJECT ADDED ENTRY--TOPICAL TERM
Topical term or geographic name entry element Revolutionary movements
9 (RLIN) 12018
650 ## - SUBJECT ADDED ENTRY--TOPICAL TERM
Topical term or geographic name entry element Government
9 (RLIN) 580
651 ## - SUBJECT ADDED ENTRY--GEOGRAPHIC NAME
Geographic name Europe
9 (RLIN) 1524
653 ## - INDEX TERM--UNCONTROLLED
Uncontrolled term History
942 ## - ADDED ENTRY ELEMENTS (KOHA)
Source of classification or shelving scheme Dewey Decimal Classification
Koha item type General Collections
518 ## - DATE/TIME AND PLACE OF AN EVENT NOTE
-- 2011-03-03
530 ## - ADDITIONAL PHYSICAL FORM AVAILABLE NOTE
-- M

No items available.